Geography Quiz

Random Geography or City Quiz

European Capitals in order of population Quiz Stats

Quiz not verified by Sporcle

Challenge
Share
Tweet
Embed
Score 0/46 Timer 08:00
0 Plays Today
Rank City % Correct
2.London, United Kingdom
99%
1.Moscow, Russia
98.5%
3.Berlin, Germany
95.9%
4.Madrid, Spain
92.7%
5.Rome, Italy
89.9%
7.Paris, France
83.8%
6.Kiev, Ukraine
79.8%
8.Bucharest, Romania
70.6%
9.Budapest, Hungary
69.4%
11.Warsaw, Poland
65%
10.Minsk, Belarus
63.7%
12.Vienna, Austria
63.5%
14.Prague, Czech Republic
57.4%
13.Copenhagen, Denmark
55%
46.Vatican City, Vatican City
52.6%
15.Sofia, Bulgaria
52%
16.Belgrade, Serbia
51%
19.Athens, Greece
49.7%
20.Amsterdam, Netherlands
48.2%
45.San Marino, San Marino
47%
21.Stockholm, Sweden
45.8%
22.Lisbon, Portugal
45.7%
17.Zagreb, Croatia
45.2%
Rank City % Correct
44.Vaduz, Liechtenstein
44.7%
18.Riga, Latvia
43.1%
42.Andorra la Vella, Andorra
40.6%
41.Monaco, Monaco
40%
25.Dublin, Ireland
38.5%
43.Valletta, Malta
38.2%
40.Luxembourg, Luxembourg
37.7%
26.Helsinki, Finland
37.1%
28.Oslo, Norway
37%
24.Vilnius, Lithuania
36%
23.Chisinau, Moldova
35.4%
27.Sarajevo, Bosnia & Herzegovina
30.5%
30.Skopje, Macedonia
30.4%
29.Bratislava, Slovakia
29.7%
36.Brussels, Belgium
29.5%
39.Reykjavik, Iceland
29.4%
31.Tallinn, Estonia
29.2%
38.Bern, Switzerland
28.8%
32.Ljubljana, Slovenia
28%
35.Nicosia, Cyprus
27.1%
33.Pristina, Kosovo
26.4%
37.Podgorica, Montenegro
26.4%
34.Tirana, Albania
24.4%

You're not logged in!

Compare scores with friends on all Sporcle quizzes.
Sign Up with Email
OR
Log In

You Might Also Like...

Show Comments

Extras

Top Quizzes Today


Score Distribution

Your Account Isn't Verified!

In order to create a playlist on Sporcle, you need to verify the email address you used during registration. Go to your Sporcle Settings to finish the process.